[Event "31st International Chess Tournament – Voivoda Cup"]
[Site "Legnica, LETIA "]
[Date "1899-12-30"]
[Round "6.1"]
[White "Sieciechowicz, Marcin"]
[Black "Donchenko, Alexander"]
[Result "0-1"]
[WhiteTitle "IM"]
[BlackTitle "GM"]
[WhiteElo "2446"]
[BlackElo "2582"]

1. d4 Nf6 2. c4 e6 3. Nf3 c5 4. d5 d6 5. Nc3 exd5 6. cxd5 g6 7. Bf4 Bg7 8. h3 O-O
9. e3 Na6 10. Be2 Nc7 11. O-O a6 12. a4 Rb8 13. e4 Re8 14. e5 Nh5 15. Bg5 f6 16.
exd6 Qxd6 17. Be3 Ng3 18. fxg3 Rxe3 19. Nd2 Bxh3 20. Bf3 Qxg3 21. Nde4 Qh4 22.
d6 Ne6 23. Qd5 Bf5 24. g3 Qh3 25. Bg2 Qh5 26. d7 Kh8 27. Rad1 Rd8 28. Qxb7 Bxe4
29. Nxe4 f5 30. Qb6 fxe4 31. Qxe6 Qe5 32. Qb6 Qg5 33. Rd5 Bd4 34. Rxd4 cxd4 35.
Qxd4+ Kg8 36. g4 Rd3 37. Qxe4 R3xd7 38. Qc4+ Kg7 39. Qc3+ Rd4 40. Qc7+ R4d7 41.
Qc3+ Rd4 42. Qc7+ R8d7 43. Qb8 Qc5 0-1

[Event "31st International Chess Tournament – Voivoda Cup"]
[Site "Legnica, LETIA "]
[Date "1899-12-30"]
[Round "6.2"]
[White "Stupak, Kirill"]
[Black "Gajek, Radoslaw"]
[Result "1-0"]
[WhiteTitle "GM"]
[BlackTitle "IM"]
[WhiteElo "2545"]
[BlackElo "2426"]

1. d4 Nf6 2. c4 e6 3. g3 c5 4. d5 exd5 5. cxd5 b5 6. Bg2 d6 7. b4 cxb4 8. a3 Be7
9. axb4 O-O 10. Nc3 a5 11. Nxb5 Qb6 12. Nc3 Qxb4 13. Bd2 Nbd7 14. Nf3 Ba6 15.
O-O Rfc8 16. Ra4 Qb6 17. Nd4 Bb7 18. Nc6 Bf8 19. Be3 Nc5 20. Ra3 Bxc6 21. dxc6
Qb4 22. Qa1 a4 23. Rb1 Qc4 24. Bxc5 dxc5 25. Bf3 Bd6 26. Nb5 Bc7 27. Nxc7 Rxc7
28. Rxa4 1-0

[Event "31st International Chess Tournament – Voivoda Cup"]
[Site "Legnica, LETIA "]
[Date "1899-12-30"]
[Round "6.3"]
[White "Simacek, Pavel"]
[Black "Kanarek, Marcel"]
[Result "0-1"]
[WhiteTitle "IM"]
[BlackTitle "IM"]
[WhiteElo "2454"]
[BlackElo "2519"]

1. e4 c5 2. Nf3 d6 3. Bb5+ Nc6 4. Bxc6+ bxc6 5. O-O Bg4 6. d3 e6 7. Nbd2 Nf6 8.
h3 Bh5 9. e5 Nd7 10. exd6 Bxd6 11. Qe1 O-O 12. Qe4 Nf6 13. Qxc6 Rc8 14. Qa4 Nd5
15. Re1 Nf4 16. Re3 f5 17. Kh1 Bb8 18. Ne5 Qd4 19. Ndc4 Bxe5 20. Rxe5 Nxh3 21.
gxh3 Qxf2 22. Nd2 Be8 23. Qc4 Bc6+ 24. Ne4 fxe4 25. Rxe6 Qe1+ 26. Kh2 Rf2+ 27.
Kg3 Rf3+ 28. Kg2 Qg3+ 29. Kh1 Rf1# 0-1

[Event "31st International Chess Tournament – Voivoda Cup"]
[Site "Legnica, LETIA "]
[Date "1899-12-30"]
[Round "6.4"]
[White "Warakomski, Tomasz"]
[Black "Stachowiak, Kamil"]
[Result "1/2-1/2"]
[WhiteTitle "IM"]
[BlackTitle "IM"]
[WhiteElo "2474"]
[BlackElo "2440"]

1. e4 c5 2. Nc3 d6 3. Nf3 Nf6 4. d4 cxd4 5. Nxd4 g6 6. Bg5 Bg7 7. Bb5+ Bd7 8. Qe2
O-O 9. O-O-O a6 10. Bxd7 Nbxd7 11. f4 Qc7 12. Bxf6 Nxf6 13. e5 dxe5 14. fxe5 Nh5
15. Nf3 Nf4 16. Qe3 Ne6 17. Nd5 Qa5 18. Nxe7+ Kh8 19. Kb1 Rad8 20. Qe4 Rxd1+ 21.
Rxd1 Rd8 22. Rxd8+ Qxd8 23. Nd5 b5 24. c4 h6 25. a3 bxc4 26. Qxc4 Ng5 27. Nd4
Bxe5 28. Nc6 Qd6 29. Nxe5 Qxe5 30. Qc3 Qxc3 31. bxc3 Kg7 32. Kc2 f5 33. c4 Ne6
34. Kb3 g5 35. Kb4 f4 36. c5 g4 37. c6 f3 38. gxf3 gxf3 39. Ka5 f2 40. Ne3 Kf7
41. Kxa6 Ke7 42. Kb6 Kd8 43. a4 Kc8 44. a5 Nc7 45. a6 Na8+ 46. Kc5 Nc7 47. a7
Na8 48. Kd6 Nc7 49. Kc5 Na8 50. h4 h5 51. Kd6 Nc7 52. Kc5 Na8 53. Nf1 Kc7 54.
Ne3 Kc8 55. Kd6 Nc7 56. Ke5 Na8 57. Kf4 Kc7 58. Kg5 Kxc6 59. Kxh5 Kb7 60. Kg4
Nc7 61. Kf3 Kxa7 62. h5 Kb7 63. Kxf2 Ne6 64. Kf3 Kc6 65. Ke4 Kd7 66. Nf5 Ke8 67.
Ng7+ Nxg7 68. h6 Ne6 69. h7 Ng5+ 70. Kf5 Nxh7 1/2-1/2

[Event "31st International Chess Tournament – Voivoda Cup"]
[Site "Legnica, LETIA "]
[Date "1899-12-30"]
[Round "6.5"]
[White "Sabuk, Piotr"]
[Black "Kovalev, Andrei"]
[Result "0-1"]
[WhiteTitle "k+"]
[BlackTitle "GM"]
[WhiteElo "2407"]
[BlackElo "2537"]

1. d4 d6 2. c4 e5 3. Nf3 e4 4. Nfd2 f5 5. Nc3 Nf6 6. e3 g6 7. b4 Bg7 8. Bb2 O-O
9. Qb3 Be6 10. d5 Bf7 11. Be2 Nbd7 12. O-O Ne5 13. a4 g5 14. a5 a6 15. f4 exf3
16. Nxf3 Nxf3+ 17. Rxf3 Qe7 18. Rxf5 Qxe3+ 19. Kh1 Ne4 20. Rf3 Nd2 21. Rxe3 Nxb3
22. Rf1 Bg6 23. g3 Rfe8 24. Rxe8+ Rxe8 25. Bg4 Nd2 26. Rc1 Nxc4 27. Ba1 Bf7 28.
Kg1 Bd4+ 29. Kh1 Ne3 30. Bf3 g4 31. Bg2 Nc2 0-1

[Event "31st International Chess Tournament – Voivoda Cup"]
[Site "Legnica, LETIA "]
[Date "1899-12-30"]
[Round "7.1"]
[White "Kovalev, Andrei"]
[Black "Sieciechowicz, Marcin"]
[Result "1/2-1/2"]
[WhiteTitle "GM"]
[BlackTitle "IM"]
[WhiteElo "2537"]
[BlackElo "2446"]

1. e4 e6 2. d4 d5 3. Nc3 Bb4 4. e5 c5 5. Bd2 Nh6 6. a3 Bxc3 7. bxc3 Nf5 8. Nf3
Nc6 9. Bd3 O-O 10. dxc5 f6 11. Qe2 Qe7 12. O-O fxe5 13. Nxe5 Qxc5 14. Rfe1 Nxe5
15. Qxe5 Bd7 16. c4 Qc6 17. Bc3 Rf7 18. Bxf5 exf5 19. cxd5 Qc4 20. Rad1 Rc8 21.
Bb4 Qxc2 22. h3 f4 23. Rd4 f3 24. Rf4 Qg6 25. g4 h5 26. Rxf7 Qxf7 27. Qg5 Re8
28. Rxe8+ Bxe8 29. d6 hxg4 30. hxg4 Kh7 31. Qh4+ Kg8 32. Qg5 Kh7 33. Qh4+ Kg8
34. Bd2 Bd7 35. Qd8+ Qe8 36. Qxe8+ Bxe8 37. Kh2 Kf7 38. Kg3 Bc6 39. Kf4 Ke6 40.
Kg5 Be4 41. Bf4 Bd3 42. Bg3 g6 43. Kf4 Be2 44. Kg5 Bd3 45. Kf4 Be2 46. Kg5 Bd3
47. Kf4 Ke5+ 48. Ke4+ 1/2-1/2

[Event "31st International Chess Tournament – Voivoda Cup"]
[Site "Legnica, LETIA "]
[Date "1899-12-30"]
[Round "7.2"]
[White "Stachowiak, Kamil"]
[Black "Sabuk, Piotr"]
[Result "0-1"]
[WhiteTitle "IM"]
[BlackTitle "k+"]
[WhiteElo "2440"]
[BlackElo "2407"]

1. d4 d5 2. c4 e6 3. Nc3 Be7 4. Nf3 Nf6 5. Bf4 O-O 6. e3 b6 7. cxd5 Nxd5 8. Nxd5
Qxd5 9. a3 c5 10. dxc5 Qxc5 11. Bd3 Rd8 12. Qb1 Ba6 13. Bxa6 Qa5+ 14. Kf1 Qxa6+
15. Kg1 Nd7 16. h3 Nc5 17. b4 Nd3 18. Bg3 Bf6 19. Ra2 Rac8 20. Kh2 Qc4 21. Rd1
e5 22. Ne1 Nxe1 23. Rxe1 e4 24. Ree2 h5 25. Rec2 Qd3 26. h4 Rc3 27. Qc1 Rdc8 28.
Rxc3 Rxc3 29. Qe1 b5 30. Rd2 Qc4 31. Rd7 g6 32. Rc7 Qd3 33. Rxa7 Rb3 34. Rc7 Rxa3
35. Qc1 Rc3 36. Qa1 Kg7 37. Qa7 Rxc7 38. Qxc7 Qd5 39. Qc8 Be7 40. Qc3+ Kh7 41.
Be5 Bxb4 42. Qc7 Bf8 43. g3 Qc4 44. Qb8 Bg7 45. Bxg7 Kxg7 46. Qe5+ Kh7 47. g4
Qe2 48. gxh5 Qxf2+ 49. Kh1 Qxh4+ 50. Kg2 Qg4+ 0-1

[Event "31st International Chess Tournament – Voivoda Cup"]
[Site "Legnica, LETIA "]
[Date "1899-12-30"]
[Round "7.3"]
[White "Kanarek, Marcel"]
[Black "Warakomski, Tomasz"]
[Result "1/2-1/2"]
[WhiteTitle "IM"]
[BlackTitle "IM"]
[WhiteElo "2519"]
[BlackElo "2474"]

1. e4 c5 2. Nf3 e6 3. d4 cxd4 4. Nxd4 Nc6 5. Nc3 Qc7 6. Be2 Nf6 7. O-O Nxd4 8.
Qxd4 Bc5 9. Qd3 a6 10. Bg5 b5 11. Bf3 Rb8 12. g3 h6 13. Bxf6 gxf6 14. Ne2 Qe5
15. a3 b4 16. c3 a5 17. axb4 axb4 18. Kh1 bxc3 19. bxc3 Rb2 20. Bg2 O-O 21. Nd4
Qd6 22. Qf3 Qe5 23. Qd3 Qd6 24. Qf3 Qe5 25. Qd3 Qd6 1/2-1/2

[Event "31st International Chess Tournament – Voivoda Cup"]
[Site "Legnica, LETIA "]
[Date "1899-12-30"]
[Round "7.4"]
[White "Gajek, Radoslaw"]
[Black "Simacek, Pavel"]
[Result "1/2-1/2"]
[WhiteTitle "IM"]
[BlackTitle "IM"]
[WhiteElo "2426"]
[BlackElo "2454"]

1. c4 c6 2. d4 d5 3. Nf3 e6 4. Qc2 Nf6 5. g3 Be7 6. Bg2 O-O 7. O-O Nbd7 8. Nbd2
b6 9. e4 Nxe4 10. Nxe4 dxe4 11. Qxe4 Bb7 12. Rd1 Rc8 13. Bf4 Re8 14. h4 h6 15.
Rac1 Bf8 16. Rc2 Qe7 17. Re2 Qb4 18. Qc2 Ba6 19. b3 Red8 20. Ree1 Bb7 21. Bd2
Qe7 22. Bc3 Qa3 23. Bb2 Qa5 24. Ne5 Nxe5 25. Rxe5 Qb4 26. Be4 Be7 27. Bc3 Qd6
28. c5 Qc7 29. Bf3 Rd7 30. b4 Rcd8 31. Ree1 Bf6 32. Qe4 Qb8 33. Rd2 a5 34. a3
axb4 35. axb4 Ba6 36. Bd1 bxc5 37. bxc5 Bc4 38. Qxc6 Bxd4 39. Rxd4 Rxd4 40. Bxd4
Rxd4 41. Bf3 1/2-1/2

[Event "31st International Chess Tournament – Voivoda Cup"]
[Site "Legnica, LETIA "]
[Date "1899-12-30"]
[Round "7.5"]
[White "Donchenko, Alexander"]
[Black "Stupak, Kirill"]
[Result "1-0"]
[WhiteTitle "GM"]
[BlackTitle "GM"]
[WhiteElo "2582"]
[BlackElo "2545"]

1. d4 Nf6 2. c4 e6 3. g3 c5 4. d5 exd5 5. cxd5 d6 6. Nc3 g6 7. Bg2 Bg7 8. Nf3 O-O
9. O-O Re8 10. Bf4 Ne4 11. Nxe4 Rxe4 12. Nd2 Rxf4 13. gxf4 Bxb2 14. Rb1 Bg7 15.
Nc4 Na6 16. e4 Rb8 17. Qa4 Bd7 18. Qa3 Nb4 19. Nxd6 Qf6 20. e5 Qxf4 21. Nxf7 Bf5
22. e6 Rf8 23. Qe3 Qh4 24. Qg3 Qxg3 25. fxg3 Bd4+ 26. Kh1 Bxb1 27. Rxb1 Rxf7 28.
exf7+ Kxf7 29. a3 Nd3 30. Rxb7+ Kf6 31. Bf1 c4 32. Bxd3 cxd3 33. Rb3 Ke5 34. Rxd3
Kxd5 35. g4 h6 36. Rh3 Bg7 37. Rb3 Kc4 38. Rb4+ Kc3 39. Rb7 Bd4 40. a4 h5 41.
g5 Be3 42. Re7 Bxg5 43. Rxa7 Kb4 44. a5 1-0

[Event "31st International Chess Tournament – Voivoda Cup"]
[Site "Legnica, LETIA "]
[Date "1899-12-30"]
[Round "8.1"]
[White "Sieciechowicz, Marcin"]
[Black "Stupak, Kirill"]
[Result "1/2-1/2"]
[WhiteTitle "IM"]
[BlackTitle "GM"]
[WhiteElo "2446"]
[BlackElo "2545"]

1. d4 g6 2. c4 Bg7 3. e4 d6 4. Nc3 e5 5. Nf3 exd4 6. Nxd4 Ne7 7. Be2 Nbc6 8. Be3
O-O 9. O-O f5 10. Qd2 fxe4 11. Nxe4 Nf5 12. Nxf5 Bxf5 13. Nc3 Qf6 14. Rad1 Kh8
15. h3 Be6 16. Nd5 Qf7 17. b3 b6 18. f4 Rae8 19. Bf3 Nb8 20. Bd4 a5 21. Rfe1 Na6
22. a3 Bxd5 23. Bxd5 Bxd4+ 24. Qxd4+ Qg7 25. Qd2 Nc5 26. b4 axb4 27. axb4 Nb3
28. Qd3 Rxe1+ 29. Rxe1 Nd4 30. b5 h5 31. Qg3 Qf6 32. Qg5 Qxg5 33. fxg5 h4 34.
Re4 Nf5 35. Be6 Kg7 36. Kh2 Ra8 37. Bxf5 gxf5 38. Rxh4 Kg6 39. Rh6+ Kxg5 40. Rh7
d5 41. cxd5 Rd8 42. Rg7+ Kh5 43. Kg3 Rxd5 44. Kf4 Rxb5 45. Rxc7 Rb2 46. g3 Rf2+
47. Ke5 Kg6 48. Rc6+ Kg7 49. Rc3 Kg6 50. Rc6+ 1/2-1/2

[Event "31st International Chess Tournament – Voivoda Cup"]
[Site "Legnica, LETIA "]
[Date "1899-12-30"]
[Round "8.2"]
[White "Simacek, Pavel"]
[Black "Donchenko, Alexander"]
[Result "1/2-1/2"]
[WhiteTitle "IM"]
[BlackTitle "GM"]
[WhiteElo "2454"]
[BlackElo "2582"]

1. d4 d5 2. Nf3 Nf6 3. c4 dxc4 4. e3 e6 5. Bxc4 a6 6. O-O b5 7. Bd3 Bb7 8. a4 b4
9. Nbd2 c5 10. Nb3 Nbd7 11. dxc5 Nxc5 12. Nxc5 Bxc5 13. Qe2 Qd5 14. Rd1 Qh5 15.
Nd2 Qg5 16. Nf3 Qh5 17. Nd2 Qg5 18. Nf3 Qh5 1/2-1/2

[Event "31st International Chess Tournament – Voivoda Cup"]
[Site "Legnica, LETIA "]
[Date "1899-12-30"]
[Round "8.3"]
[White "Warakomski, Tomasz"]
[Black "Gajek, Radoslaw"]
[Result "1/2-1/2"]
[WhiteTitle "IM"]
[BlackTitle "IM"]
[WhiteElo "2474"]
[BlackElo "2426"]

1. d4 d6 2. e4 Nf6 3. Nc3 e5 4. Nf3 exd4 5. Nxd4 Be7 6. Be2 O-O 7. O-O Re8 8. f4
Bf8 9. Bf3 c5 10. Ndb5 Nc6 11. e5 dxe5 12. Qxd8 Rxd8 13. fxe5 Nxe5 14. Bg5 Nxf3+
15. Rxf3 Bd7 16. Nc7 Rac8 17. N7d5 Nxd5 18. Bxd8 Nb4 19. Bh4 Nxc2 20. Raf1 Be6
21. a3 Nd4 22. R3f2 b5 23. Bg3 b4 24. Ne4 bxa3 25. bxa3 c4 26. Be5 Nb3 27. Rf3
h6 28. Rg3 f5 29. Nf6+ Kf7 30. Ne4 Nc5 31. Nxc5 Bxc5+ 32. Kh1 g5 33. h4 Be7 34.
hxg5 hxg5 35. Bd4 f4 36. Rc3 Bf6 37. Bxf6 Kxf6 38. Kg1 Bd5 39. Rb1 Rc5 40. Re1
Rb5 41. Re2 Rb1+ 42. Kf2 Rb3 43. Rxb3 cxb3 44. g3 a5 45. gxf4 gxf4 46. Re8 a4
47. Rb8 Be4 48. Rb4 Ke5 49. Ke2 Kd5 50. Kd2 1/2-1/2

[Event "31st International Chess Tournament – Voivoda Cup"]
[Site "Legnica, LETIA "]
[Date "1899-12-30"]
[Round "8.5"]
[White "Kovalev, Andrei"]
[Black "Stachowiak, Kamil"]
[Result "0-1"]
[WhiteTitle "GM"]
[BlackTitle "IM"]
[WhiteElo "2537"]
[BlackElo "2440"]

1. e4 c5 2. Nf3 d6 3. Bc4 Nf6 4. Nc3 a6 5. a4 Nc6 6. d4 cxd4 7. Nxd4 Bd7 8. Bg5
Qa5 9. Bxf6 gxf6 10. Nxc6 bxc6 11. Qd3 Rg8 12. g3 e6 13. O-O-O Be7 14. f4 Kd8
15. Rhe1 Kc7 16. Bb3 h5 17. Qd2 Kb7 18. Re3 Rad8 19. Rd3 Bc8 20. Qe3 h4 21. Kb1
hxg3 22. hxg3 Ka8 23. Ne2 Rg7 24. Nd4 Bb7 25. Bxe6 fxe6 26. Nxe6 Rdg8 27. Nxg7
Rxg7 28. Rh1 c5 29. b3 Qb4 30. Re1 Rg8 31. Kb2 Bc6 32. Rc3 f5 33. Rc4 Qb6 34.
exf5 Bf6+ 35. Ka2 Re8 36. Qd2 Rxe1 37. Qxe1 d5 38. a5 Qb5 39. Ra4 Bd7 40. c4 Qb7
41. Qb1 Bxa4 42. bxa4 Qc6 43. Qc2 d4 44. Qd3 Qg2+ 45. Kb1 Bd8 46. Kc1 Ka7 47.
f6 Bxf6 48. Qh7+ Qb7 49. Qf5 Qh1+ 50. Kd2 Qg2+ 51. Kd1 Qf3+ 52. Kd2 Qc3+ 53. Kd1
Qb3+ 54. Kd2 Qb4+ 55. Kd1 Qxa4+ 56. Ke1 Qxa5+ 57. Kf1 Bd8 58. g4 Qa1+ 59. Kg2
Qb2+ 60. Kh3 Qc3+ 61. Kg2 Qd2+ 62. Kf1 Qd1+ 63. Kf2 Qd2+ 64. Kf1 Qd1+ 65. Kf2
Kb6 66. g5 d3 67. Qe6+ Ka5 68. Qe3 Kb4 69. Qe5 Qc2+ 70. Kg3 d2 71. Qb8+ Kxc4 0-1

[Event "31st International Chess Tournament – Voivoda Cup"]
[Site "Legnica, LETIA "]
[Date "1899-12-30"]
[Round "9.1"]
[White "Stachowiak, Kamil"]
[Black "Sieciechowicz, Marcin"]
[Result "0-1"]
[WhiteTitle "IM"]
[BlackTitle "IM"]
[WhiteElo "2440"]
[BlackElo "2446"]

1. d4 Nf6 2. c4 g6 3. Nc3 d5 4. cxd5 Nxd5 5. Bd2 Bg7 6. e4 Nxc3 7. Bxc3 O-O 8.
Qd2 c5 9. d5 Bxc3 10. bxc3 Qd6 11. Nf3 Bg4 12. Ng5 f6 13. h3 fxg5 14. hxg4 Qe5
15. Qe3 Nd7 16. O-O-O a6 17. f3 b5 18. Kc2 Rab8 19. Be2 b4 20. cxb4 cxb4 21. Qd4
Qd6 22. Bc4 Rfc8 23. Kb1 Ne5 24. Bb3 Rc3 25. Rc1 Nc6 26. Qd2 Na5 27. Ba4 Qe5 28.
Rhd1 Ra3 29. d6 b3 30. Qd4 bxa2+ 31. Kc2 Rc8+ 32. Kb2 Qxd4+ 33. Rxd4 Rxc1 0-1

[Event "31st International Chess Tournament – Voivoda Cup"]
[Site "Legnica, LETIA "]
[Date "1899-12-30"]
[Round "9.3"]
[White "Gajek, Radoslaw"]
[Black "Sabuk, Piotr"]
[Result "1-0"]
[WhiteTitle "IM"]
[BlackTitle "k+"]
[WhiteElo "2426"]
[BlackElo "2407"]

1. c4 e6 2. Nf3 d5 3. d4 Nf6 4. g3 Bb4+ 5. Bd2 Be7 6. Bg2 c6 7. Qc2 Nbd7 8. O-O
b6 9. Bf4 Ba6 10. Nbd2 O-O 11. Rac1 c5 12. Rfd1 cxd4 13. Nxd4 Rc8 14. Qa4 Bb7
15. N2f3 Nc5 16. Qa3 Na6 17. Qa4 Nc5 18. Qc2 Qe8 19. Nb5 Nce4 20. Nc7 Qc6 21.
cxd5 Qxc2 22. Rxc2 Nxd5 23. Nxd5 Bxd5 24. Rdc1 Rxc2 25. Rxc2 Bxa2 26. Ne5 Bd5
27. Rc7 Bd6 28. Rxa7 g5 29. Bxe4 Bxe5 30. Bxh7+ Kxh7 31. Bxe5 Kg6 32. f3 Ra8 33.
Rc7 b5 34. g4 f6 35. Bc3 Ra1+ 36. Kf2 Rc1 37. e4 Rc2+ 38. Kg3 Bb3 39. Rb7 Bc4
40. h4 gxh4+ 41. Kxh4 Re2 42. Rb6 Rf2 43. Kg3 Rf1 44. f4 Kf7 45. Rb7+ Kg6 46.
f5+ 1-0

[Event "31st International Chess Tournament – Voivoda Cup"]
[Site "Legnica, LETIA "]
[Date "1899-12-30"]
[Round "9.4"]
[White "Donchenko, Alexander"]
[Black "Warakomski, Tomasz"]
[Result "1-0"]
[WhiteTitle "GM"]
[BlackTitle "IM"]
[WhiteElo "2582"]
[BlackElo "2474"]

1. d4 Nf6 2. c4 e6 3. g3 d5 4. Bg2 Be7 5. Nf3 O-O 6. O-O dxc4 7. Qc2 a6 8. a4 Bd7
9. Qxc4 Bc6 10. Bf4 Bd6 11. Qc1 Bxf4 12. Qxf4 Qd6 13. Qc1 Qb4 14. a5 b6 15. Qc3
bxa5 16. Rxa5 Qb7 17. Rc1 Bd5 18. Nbd2 Nc6 19. Rxd5 Nxd5 20. Qxc6 Qxb2 21. e4
Nb4 22. Qxc7 a5 23. Rb1 Qc2 24. Qxc2 Nxc2 25. Rb2 Rfc8 26. Bf1 Rc3 27. Be2 a4
28. Bd1 a3 29. Rxc2 a2 30. Nb3 Rxc2 31. Bxc2 Ra3 32. Nfd2 a1=Q+ 33. Nxa1 Rxa1+
34. Bb1 Ra4 35. Nb3 Rb4 36. Bc2 Rc4 37. Bd1 e5 38. Kf1 exd4 39. Ke2 g6 40. Kd3
Rc3+ 41. Kxd4 Rc8 42. Ke3 h5 43. Nd4 Kf8 44. Bb3 h4 45. gxh4 Rc3+ 46. Ke2 1-0

[Event "31st International Chess Tournament – Voivoda Cup"]
[Site "Legnica, LETIA "]
[Date "1899-12-30"]
[Round "9.5"]
[White "Stupak, Kirill"]
[Black "Simacek, Pavel"]
[Result "1-0"]
[WhiteTitle "GM"]
[BlackTitle "IM"]
[WhiteElo "2545"]
[BlackElo "2454"]

1. c4 c6 2. Nf3 d5 3. g3 dxc4 4. Bg2 Nf6 5. O-O g6 6. Qc2 Qd5 7. Na3 Bg7 8. Nxc4
Qh5 9. d4 O-O 10. Re1 Bh3 11. Bh1 Nbd7 12. e4 Bg4 13. Nfe5 c5 14. f3 Bh3 15. g4
Bxg4 16. fxg4 Nxg4 17. Qe2 Ndxe5 18. Nxe5 Nxe5 19. Qxh5 gxh5 20. dxe5 Bxe5 21.
Bf3 Rfd8 22. Bxh5 Rd3 23. Kg2 Rad8 24. Rb1 R8d6 25. Rf1 f6 26. Be2 R3d4 27. Kf3
Bxh2 28. Be3 Ra4 29. Bxc5 Rd2 30. Bb5 Ra5 31. Bb4 1-0